ბათუმის შოთა რუსთაველის სახელმწიფო უნივერსიტეტის ბიბლიოთეკა

Understanding gender and early childhood : (ბიბ.ჩანაწერი № 58409)

000 -LEADER
fixed length control field 01066cam a2200265 i 4500
001 - CONTROL NUMBER
control field 21463939
005 - DATE AND TIME OF LATEST TRANSACTION
control field 20221106124613.0
006 - FIXED-LENGTH DATA ELEMENTS--ADDITIONAL MATERIAL CHARACTERISTICS
fixed length control field m |o d |
007 - PHYSICAL DESCRIPTION FIXED FIELD--GENERAL INFORMATION
fixed length control field cr |||||||||||
008 - FIXED-LENGTH DATA ELEMENTS--GENERAL INFORMATION
fixed length control field 200218t20202020enk ob 001 0 eng
020 ## - INTERNATIONAL STANDARD BOOK NUMBER
International Standard Book Number 9780367140175x
041 ## - LANGUAGE CODE
Language code of text/sound track or separate title eng
080 ## - UNIVERSAL DECIMAL CLASSIFICATION NUMBER
Universal Decimal Classification number 372 J-78
100 1# - MAIN ENTRY--PERSONAL NAME
Personal name Josephidou, Jo
9 (RLIN) 13415
245 10 - TITLE STATEMENT
Title Understanding gender and early childhood :
Remainder of title an introduction to the key debates /
Statement of responsibility, etc. Jo Josephidou and Polly Bolshaw.
264 #4 - PRODUCTION, PUBLICATION, DISTRIBUTION, MANUFACTURE, AND COPYRIGHT NOTICE
Date of production, publication, distribution, manufacture, or copyright notice 2020.
Place of production, publication, distribution, manufacture London :
Name of producer, publisher, distributor, manufacturer Routledge, Taylor & Francis Group,
300 ## - PHYSICAL DESCRIPTION
Extent 171 p.
Other physical details 24 cm.
650 #0 - SUBJECT ADDED ENTRY--TOPICAL TERM
Topical term or geographic name entry element Early childhood education
General subdivision Social aspects.
9 (RLIN) 13416
653 ## - INDEX TERM--UNCONTROLLED
keyword სქესობრივი განსხვავებები განათლებაში
653 ## - INDEX TERM--UNCONTROLLED
keyword Половые различия в образовании
653 ## - INDEX TERM--UNCONTROLLED
keyword სკოლამდელი ბავშვების განათლება
653 ## - INDEX TERM--UNCONTROLLED
keyword Дошкольное образование
700 1# - ADDED ENTRY--PERSONAL NAME
Personal name Bolshaw, Polly
Relator term ავტორი
9 (RLIN) 13417
942 ## - ADDED ENTRY ELEMENTS (KOHA)
Source of classification or shelving scheme
Koha item type წიგნი
ეგზემპლარები
Withdrawn status Lost status Source of classification or shelving scheme Damaged status Not for loan Permanent Location Current Location Shelving location Date acquired Cost, normal purchase price Full call number Barcode Date last seen Copy number Price effective from Koha item type Public note
          ბათუმის შოთა რუსთაველის სახელმწიფო უნივერსიტეტის მთავარი ბიბლიოთეკა ბათუმის შოთა რუსთაველის სახელმწიფო უნივერსიტეტის მთავარი ბიბლიოთეკა წიგნსაცავი 2022-01-21 66.00 372 J-78 62120 2022-01-21 62120 2022-01-21 წიგნი 66 ლ.